000
00208nam a2200085Ia 4500
008
191206s9999 xx 000 0 und d
090
_a
PR4034.4
245
0
_a
SENSE AND SENSIBILITY
260
_a
LIBRARTY OF CLASSICS
999
_c
16881
_d
16881